000 00296nam a22001337a 4500
008 180226b xxu||||| |||| 00| 0 eng d
020 _a46995
041 _aeng
080 _a617
100 _a6
101 _aANE
245 _aAnesthesia for Infants and Children
_cSmith, R.M
942 _2udc
_cBK
999 _c43518
_d43518